| 000 | 01552cam a2200253 4500 | ||
|---|---|---|---|
| 001 | L135757 | ||
| 002 | 16397 | ||
| 008 | 061208n2006 000 0 eng u | ||
| 020 |
_a1859462413 _a9781859462416 |
||
| 035 | _a(Sirsi) u135757 | ||
| 041 | 0 | _aeng | |
| 050 | 0 | 4 | _a692.8 $2 18 |
| 245 | 0 | 0 |
_aIC05 contract adminstration guide _bcompleting the contract and administration forms |
| 260 |
_aLondon _bRIBA Publications _c2006 |
||
| 300 |
_a63p. _c30cm. |
||
| 350 | _a17.50 | ||
| 505 | 2 | _aPreparing and completing the form of contract -- Recitals -- Articles -- Contract particulars -- The RIBA contract administration forms -- Architects/contract administrator's instruction -- Notification of an extension of time -- Interim certificate -- Statement of partial possession by the employer -- Non-completion certificate -- practical completion certificate -- Section completion certificate -- Certificate of making good -- Final certificate | |
| 520 | _aIntended to accompany the range of contract administration forms for the JCT 2005 main contracts. Offers guidance on filling in articles, recitals and contracts, and includes worked examples and checklists which contain action reminders at pre-contract stage and a clause by clause list of the duties that the architect or contract administrator must carry out | ||
| 590 | _aKA | ||
| 651 | 4 |
_aUnited Kingdom _y |
|
| 690 | _aBUILT ENVIRONMENT-BUILDING CONTRACT FORMS-STANDARD FORMS OF BUILDING CONTRACT-JOINT CONTRACTS TRIBUNAL CONTRACTS | ||
| 700 | 1 |
_aChappell, David _eEditor |
|
| 942 | _n0 | ||
| 999 |
_c106190 _d106190 |
||